Score 0/29 Timer 05:00
2 Plays Today
Hint Number % Correct
Bond. James Bond.007
97%
A common introductory-level course at many universities101
92.1%
North American emergency phone number9-1-1
90.4%
C, to Caesar100
86.5%
Commonly known as the 'Number of the Beast'666
86.3%
Valentine's Day in the same format2/14
86%
The number of days in 1888, 1892, and 1896 (but not 1900)366
85.7%
Anderson Cooper probably knows there are this many degrees in a circle360
84.5%
'Pi Day,' when written in month/day format3/14
82.8%
Boeing commercial jet: the first of its best-known series of numbered models707
77.2%
Number of dogs in a live-action Disney sequel102
76.1%
Answer to the riddle 'Why are the other numbers afraid of seven?' Because...7 8 9
73.3%
Japan-based international convenience store chain7-11
71.6%
Frank Miller comic miniseries later adapted into a live-action film300
71.1%
New Zealand emergency number, or an unlucky score in cricket1-1-1
70.2%
Hint Number % Correct
The very end of a countdown2, 1, 0
70%
Australian emergency phone number0-0-0
69.4%
With 'Blink,' punk band known for 'Dammit' and 'What's My Age Again'182
67.9%
The shorter of the Olympic men's hurdles events, in meters110
67%
In ten-pin bowling, a split involving the pin at each back corner7-10
66%
Commonly-referenced Bible verse from John, used as part of wrestler Stone Cold Steve Austin's catch phrase3:16
64.8%
R&B trio known for 'Where My Girls At?' named after a Las Vegas area code702
61.2%
Some evidence exists that this number may be the historical 'Number of the Beast'616
58.3%
The latest model in the above-mentioned Boeing jet series, in testing as of 2011787
55.9%
British emergency phone number, also used in Singapore, Ireland, and a few other countries9-9-9
51.8%
European Union emergency phone number1-1-2
46.2%
Entry-level variant of Porsche's best-selling sports car, manufactured from 1965 to 1969912
45.9%
Well-known California Penal Code section for murder187
45.1%
Defunct division of Sony that developed EverQuest and Twisted Metal III and 4: ___ Studios989
37.8%

Today's Daily Dose

Remove Ads.
Support Sporcle.
Get the best of Sporcle when you Go Orange. This ad-free experience offers more features, more stats, and more fun while also helping to support Sporcle. Thank you for becoming a member.

You're not logged in!

Compare scores with friends on all Sporcle quizzes.
OR
Log In

Show Comments

Extras

Top Quizzes Today


Score Distribution

Your Account Isn't Verified!

In order to create a playlist on Sporcle, you need to verify the email address you used during registration. Go to your Sporcle Settings to finish the process.

Report this User

Report this user for behavior that violates our Community Guidelines.

Details: